Normal view
MARC view
- বন্দ্যোপাধ্যায়, মানিক
Entry Personal Name
001 - CONTROL NUMBER
- control field: 2266
003 - CONTROL NUMBER IDENTIFIER
- control field: OSt
005 - DATE AND TIME OF LATEST TRANSACTION
- control field: 20190407150145.0
008 - FIXED-LENGTH DATA ELEMENTS
- fixed length control field: 190407|| aca||aabn | a|a d
040 ## - CATALOGING SOURCE
- Original cataloging agency: OSt
100 ## - HEADING--PERSONAL NAME
- Personal name: বন্দ্যোপাধ্যায়, মানিক
